00720cam7a220024100 4500001001200000003000500012005001700017008004100034035001900075035002200094040000900116100002800125245006100153250002000214260004500234440004400279504003200323650004700355949003600402004000600438987001500444999001900459tmp15830237UPRA20190822094541.0951106s1963 ii eng u a(Sirsi) r93186 a(UPRA)tmp15830237 cUPRA1 aMehta, Asoka.6A51976.110aDemocratic socialism /cforeword by Jayaprakash Narayan. a[Rev. 4th ed.]. aBombay :bBharatiya Vidya Bhavan,c1963. 0aBhavan's book university ;v636S2337.1 aBibliography: p. [178]-181. 0aSocialism (Works published 1939)6S40691.1 aHX59wlccmMAINtBOOKlON-SHELF93186 aWITHDRAWN. c128409d128409